Salud y crecimiento económico: Influencias teóricas y vinculaciones empíricas = Health and economic growth : Theoretical incluences and empirical vinculations /

Kaydedildi:
Detaylı Bibliyografya
Yazar: Monterubbianesi, Pablo Daniel
Materyal Türü: Metin
Etiketler: Etiketle
Etiket eklenmemiş, İlk siz ekleyin!

MARC

LEADER 00000 a a2200000 04500
001 47080
003
040
090 |a REV0862 143(I)2014  
100 |a Monterubbianesi, Pablo Daniel  
245 |a Salud y crecimiento económico: Influencias teóricas y vinculaciones empíricas =   |b Health and economic growth : Theoretical incluences and empirical vinculations /  |c Pablo Daniel Monterubbianesi  
773 |g volumen143, número1, (2014), páginas 132-140  
999 |c 21968  |d 21968 
773 0 |0 18728  |9 3010  |a Universidad de Costa Rica  |d San José, Costa Rica Editorial UCR 1956-  |o 16462  |t Revista de Ciencias Sociales/  |x 04825276